El principito / (Registro nro. 4402)
[ vista simple ]
| 000 -LEADER | |
|---|---|
| fixed length control field | 01441nam a2200265Ia 4500 |
| 003 - CONTROL NUMBER IDENTIFIER | |
| control field | OSt |
| 005 - DATE AND TIME OF LATEST TRANSACTION | |
| control field | 20221012162454.0 |
| 008 - FIXED-LENGTH DATA ELEMENTS--GENERAL INFORMATION | |
| fixed length control field | 191128t1997 ck a br 000 fdspa d |
| 020 ## - INTERNATIONAL STANDARD BOOK NUMBER | |
| International Standard Book Number | 9583001856 |
| 040 ## - CATALOGING SOURCE | |
| Original cataloging agency | CO-JMCR |
| Transcribing agency | CO-JMCR |
| 041 1# - LANGUAGE CODE | |
| Language code of text/sound track or separate title | spa |
| Language code of original | fre |
| 082 04 - DEWEY DECIMAL CLASSIFICATION NUMBER | |
| Classification number | N / |
| Item number | SAIp2 |
| 100 1# - MAIN ENTRY--PERSONAL NAME | |
| Personal name | Saint-Exupéry, Antoine de, |
| 9 (RLIN) | 1465 |
| Relator term | autor |
| 245 13 - TITLE STATEMENT | |
| Title | El principito / |
| Statement of responsibility, etc. | Antoine de Saint-Exupéry ; traducción Lirca Vallés |
| 250 ## - EDITION STATEMENT | |
| Edition statement | Tercera edición |
| 260 ## - PUBLICATION, DISTRIBUTION, ETC. | |
| Place of publication, distribution, etc. | Bogotá : |
| Name of publisher, distributor, etc. | Panamericana, |
| Date of publication, distribution, etc. | ©1997 |
| 300 ## - PHYSICAL DESCRIPTION | |
| Extent | 124 páginas : |
| Other physical details | ilustraciones a blanco y negro ; |
| Dimensions | 20 cm. |
| 490 0# - SERIES STATEMENT | |
| Series statement | Colección Corcel |
| 500 ## - GENERAL NOTE | |
| General note | Título original: Le petit prince<br/>Incluye datos biográficos del autor en solapa. |
| 520 3# - SUMMARY, ETC. | |
| Summary, etc. | El principito habita un pequeñísimo asteroide que comparte con una flor caprichosa y tres volcanes. La relación con la flor se torna tirante y finalmente no se hablan; por lo cual se siente muy solo. Un día decide que necesita un amigo y abandona el planeta. Recorre varios planetas habitados por un rey, un vanidoso, un borracho, un hombre de negocios, un farolero y un geógrafo. Al principito estas personas le parecen muy serias y prosigue su búsqueda. Llega al planeta Tierra, en donde entra en contacto con el aviador que también sufre de soledad. |
| 546 ## - LANGUAGE NOTE | |
| Language note | Traducido del francés. |
| 650 14 - SUBJECT ADDED ENTRY--TOPICAL TERM | |
| Topical term or geographic name entry element | Novela infantil francesa |
| 9 (RLIN) | 1467 |
| 700 1# - ADDED ENTRY--PERSONAL NAME | |
| Personal name | Vallés, Lirca, |
| Relator term | traductora |
| 9 (RLIN) | 3540 |
| 942 ## - ADDED ENTRY ELEMENTS (KOHA) | |
| Source of classification or shelving scheme | Dewey Decimal Classification |
| Koha item type | Books |
| Withdrawn status | Lost status | Source of classification or shelving scheme | Damaged status | Not for loan | Collection code | Home library | Current library | Date acquired | Source of acquisition | Cost, normal purchase price | Total Checkouts | Total Renewals | Full call number | Barcode | Date last seen | Date last checked out | Copy number | Koha item type | Public note |
|---|---|---|---|---|---|---|---|---|---|---|---|---|---|---|---|---|---|---|---|
| Dewey Decimal Classification | Fiction | Biblioteca Pública José María del Castillo y Rada | Biblioteca Pública José María del Castillo y Rada | 11/28/2019 | Donación | 0.00 | 11 | 2 | N / SAIp2 | 201809260 | 03/31/2026 | 03/31/2026 | Ej.1 | Books | Exlibris: Catalina Carreño en primera página. |